Economicismo y epidemiología: crítica de dos concepciones originarias de las políticas contra la violencia /
Este trabajo busca articular una perspectiva critica con respecto a lo que el autor llama las "visiones originarias de las políticas públicas de la violencia" en América Latina. El punto de partida es que dos de dichas visiones originarias (la epidemológica y la economicista) han alentado...
Сохранить в:
| Главный автор: | |
|---|---|
| Формат: | Текст |
| Язык: | Spanish |
| Предметы: | |
| Метки: |
Добавить метку
Нет меток, Требуется 1-ая метка записи!
|
MARC
| LEADER | 00000 a a2200000 04500 | ||
|---|---|---|---|
| 001 | 5249 | ||
| 003 | cru CIDCACS/IIS | ||
| 005 | 20190304144503.0 | ||
| 007 | ta | ||
| 008 | 190304b ||||| |||| 00| 0 spa d | ||
| 999 | |c 29320 |d 29320 | ||
| 040 | |c cru CIDCACS/IIS | ||
| 090 | |a REV0452 62 (706) 2007 | ||
| 100 | |a Estrada, Christopher |9 8363 | ||
| 245 | |a Economicismo y epidemiología: |b crítica de dos concepciones originarias de las políticas contra la violencia / |c Christopher Estrada | ||
| 300 | |a páginas 635-648 | ||
| 520 | |a Este trabajo busca articular una perspectiva critica con respecto a lo que el autor llama las "visiones originarias de las políticas públicas de la violencia" en América Latina. El punto de partida es que dos de dichas visiones originarias (la epidemológica y la economicista) han alentado el endurecimiento de perspectivas revanchistas en contra de quienes son identificados, sin ningún fundamento científico serio y riguroso, como los causantes del estado de violencia generalizada en que se desarrollan muchos sectores de las sociedades contemporáneas | ||
| 650 | |a POLITICAS PUBLICAS | ||
| 650 | |a SOCIEDAD | ||
| 650 | |a VIOLENCIA | ||
| 650 | |a CIENCIAS SOCIALES | ||
| 650 | |a TEORIA SOCIAL | ||
| 650 | |a AMERICA LATINA | ||
| 773 | |g volumen 62, número 706; páginas 635-648 | ||
| 942 | |2 ddc |c PP | ||
| 773 | 0 | |0 18723 |9 2720 |a Universidad Centroamericana José Simeón Cañas (UCA) |d San Salvador, El Salvador Universidad Centroamericana José Simeón |o 04222 |t ECA: | |
